000 02098cam a2200493 a 4500
001 sjds234048
003 sjds
005 20160926161202.0
008 020919t20032003txua b 000 1 eng
010 _a 2002033323
020 _a155885388X (alk. paper)
020 _a9781558853881
035 _a(OCoLC)432556674
040 _aDLC
_cDLC
_dUtOrBLW
041 1 _aspa
_aeng
_heng
049 _aIFAB
099 _aESPANOL PICTURE BOOKS BERTRAND
100 1 _aBertrand, Diane Gonzales.
245 1 4 _aThe empanadas that abuela made = Las empanadas que abuela hacia la abuela /
_cby / por Diane Gonzales Bertrand ; illustrations by / illustraciones de Alex Pardo DeLange ; Spanish translation by / traduccion al español de Gabriela Baeza Ventura.
246 3 1 _aEmpanadas que hacia la abuela
246 3 1 _aLas empanadas que abuela hacia la abuela
260 _aHouston, TX :
_bPiñata Books,
_c[2003]
264 1 _aHouston, TX :
_bPiñata Books,
_c[2003]
264 4 _cc2003
300 _a1 volume (unpaged) :
_bcolor illustrations ;
_c23 x 29 cm
336 _atext
_btxt
_2rdacontent
337 _aunmediated
_bn
_2rdamedia
338 _avolume
_bnc
_2rdacarrier
520 _aTold in the style of a cumulative folk song, a grandmother makes empanadas, a traditional Hispanic treat, for her family. Includes recipe.
546 _aIn English and in Spanish.
650 0 _aMexican Americans
_vJuvenile fiction.
650 0 _aEmpanadas
_vJuvenile fiction.
650 0 _aGrandmothers
_vJuvenile fiction.
650 0 _aSpanish language materials
_xBilingual
_vJuvenile literature.
650 7 _aMexicano-americanos
_vNovela juvenil.
_2bidex
650 7 _aEmpanadas
_vNovela juvenil.
_2local
650 7 _aAbuelas
_vNovela juvenil.
_2bidex
650 7 _aMateriales bilingües en español
_vLiteratura juvenil.
_2bidex
700 1 2 _aBertrand, Diane Gonzales.
_tEmpanadas that abuela baked.
_lEnglish.
700 1 2 _aBertrand, Diane Gonzales.
_tEmpanadas that abuela baked.
_lSpanish.
700 1 _aDeLange, Alex Pardo,
_eillustrator.
700 1 _aVentura, Gabriela Baeza.
942 _cBK
999 _c16258
_d16258